[Event "Mistrovstvi CR senioru nad 60 let"]
[Site "Rychnov nad Kneznou"]
[Date "2015.08.20"]
[Round "6.1"]
[White "Sejkora, Vlastimil"]
[Black "Vorobyov, Yrij"]
[Result "1-0"]
[WhiteElo "2260"]
[BlackElo "2130"]
[PlyCount "97"]
[EventDate "2015.08.15"]

1. e4 d6 2. d4 Nf6 3. f3 Nbd7 4. Nh3 e5 5. c3 Be7 6. Nf2 c6 7. Be2 Qc7 8. Be3
a5 9. O-O O-O 10. Nd2 a4 11. f4 exf4 12. Bxf4 Re8 13. h3 Nf8 14. Nf3 Ng6 15.
Bh2 Qb6 16. Qc2 c5 17. Bc4 cxd4 18. cxd4 Be6 19. Bxe6 fxe6 20. Ng5 Nf8 21. Rad1
Rec8 22. Qe2 h6 23. Nf3 Qa6 24. Nd3 Rc4 25. e5 dxe5 26. dxe5 Nd5 27. Kh1 Rac8
28. Nd2 Rd4 29. Nf3 Rdc4 30. Bg1 Rc2 31. Qe4 a3 32. Nd4 Rxb2 33. Nxb2 axb2 34.
Qf3 Bg5 35. Nxe6 Qxe6 36. Rxd5 Bc1 37. Rb5 Qxa2 38. Qxb7 Rd8 39. Rb3 Kh8 40.
Bd4 Rxd4 41. Rxf8+ Kh7 42. Rf1 Qa4 43. Qf7 Rd7 44. Qf5+ g6 45. Qe6 Rg7 46. Rf7
b1=Q 47. Rxg7+ Kxg7 48. Qe7+ Kg8 49. Qd8+ 1-0

[Event "Mistrovstvi CR senioru nad 60 let"]
[Site "Rychnov nad Kneznou"]
[Date "2015.08.20"]
[Round "6.2"]
[White "Novotny, Josef"]
[Black "Drabek, Miloslav"]
[Result "1-0"]
[WhiteElo "2150"]
[BlackElo "2079"]
[PlyCount "87"]
[EventDate "2015.08.15"]

1. e3 Nf6 2. d3 d6 3. g3 e5 4. Nh3 Be7 5. f3 O-O 6. Nf2 c5 7. Nc3 Nc6 8. Bg2
Be6 9. O-O Qd7 10. Bd2 Rac8 11. Ne2 d5 12. g4 Ne8 13. Ng3 Nd6 14. e4 f6 15. f4
exf4 16. Bxf4 dxe4 17. Ngxe4 Nxe4 18. Bxe4 f5 19. gxf5 Bxf5 20. Bg2 Bf6 21. c3
Be5 22. Bxc6 Rxc6 23. Bxe5 Rg6+ 24. Bg3 Qd6 25. Qb3+ Kh8 26. Qxb7 h5 27. Kh1
Bc8 28. Qg2 Qd7 29. Ne4 Rxf1+ 30. Qxf1 Bb7 31. b3 h4 32. Bf4 Qg4 33. h3 Qf5 34.
Kh2 Bxe4 35. dxe4 Qxe4 36. Re1 Qc2+ 37. Re2 Qxc3 38. Re8+ Kh7 39. Qe2 Qd4 40.
Qe3 Qb2+ 41. Qd2 Qb1 42. Re1 Qf5 43. Re5 Qb1 44. Rh5+ 1-0

[Event "Mistrovstvi CR senioru nad 60 let"]
[Site "Rychnov nad Kneznou"]
[Date "2015.08.20"]
[Round "6.3"]
[White "Uhmann, Jan"]
[Black "Juricek, Stanislav"]
[Result "1/2-1/2"]
[WhiteElo "2019"]
[BlackElo "2112"]
[PlyCount "29"]
[EventDate "2015.08.15"]

1. d4 d5 2. c4 e6 3. Nc3 Nf6 4. Bg5 Be7 5. e3 Nbd7 6. Nf3 c6 7. a3 O-O 8. Bd3
Re8 9. O-O dxc4 10. Bxc4 Nd5 11. Bxe7 Qxe7 12. Rc1 Nxc3 13. Rxc3 e5 14. dxe5
Nxe5 15. Nxe5 1/2-1/2

[Event "Mistrovstvi CR senioru nad 60 let"]
[Site "Rychnov nad Kneznou"]
[Date "2015.08.20"]
[Round "6.4"]
[White "Lorenc, Oldrich"]
[Black "Jablecnik, Gustav"]
[Result "1/2-1/2"]
[WhiteElo "2050"]
[BlackElo "2102"]
[PlyCount "48"]
[EventDate "2015.08.15"]

1. c4 e5 2. Nc3 f5 3. g3 Nf6 4. Bg2 c6 5. d4 d6 6. dxe5 dxe5 7. Qxd8+ Kxd8 8.
Nf3 Bd6 9. e4 Ke7 10. O-O Re8 11. Bg5 Be6 12. exf5 Bxf5 13. Rfe1 Kf7 14. Rad1
Bc7 15. Bxf6 gxf6 16. Nh4 Bg4 17. Rd2 Nd7 18. h3 Be6 19. Be4 Nf8 20. Nf5 Rad8
21. Rxd8 Rxd8 22. c5 Rd2 23. b4 Rb2 24. Rb1 Rxb1+ 1/2-1/2

[Event "Mistrovstvi CR senioru nad 60 let"]
[Site "Rychnov nad Kneznou"]
[Date "2015.08.20"]
[Round "6.5"]
[White "Salac, Jiri"]
[Black "Mlynek, Petr"]
[Result "0-1"]
[WhiteElo "2128"]
[BlackElo "2197"]
[PlyCount "124"]
[EventDate "2015.08.15"]

1. d4 f5 2. g3 Nf6 3. Bg2 g6 4. Nh3 Bg7 5. c4 c6 6. Nc3 O-O 7. O-O d6 8. Qb3
Qb6 9. Rd1 Qxb3 10. axb3 Na6 11. f3 Nb4 12. Nf2 Bd7 13. e3 e5 14. dxe5 dxe5 15.
Nd3 Nxd3 16. Rxd3 Be6 17. e4 fxe4 18. Nxe4 Nxe4 19. fxe4 Rad8 20. Rxd8 Rxd8 21.
Be3 Rd3 22. Bxa7 Rxb3 23. Bf1 Rxb2 24. Be3 Kf7 25. Rc1 Bf8 26. c5 Rb4 27. Bg2
Rb3 28. Bf2 Bh6 29. Ra1 Ke7 30. Rd1 Bg4 31. Ra1 Kd7 32. h3 Be2 33. Re1 Bd3 34.
Bf3 Rb1 35. Rxb1 Bxb1 36. Kf1 Bd2 37. Ke2 Ba5 38. Be3 Kc7 39. h4 b6 40. cxb6+
Bxb6 41. Bxb6+ Kxb6 42. Kd2 Kc5 43. Kc3 h6 44. Bg2 Ba2 45. Bf1 Be6 46. Be2 Bh3
47. Bf3 Bf1 48. Bh1 Be2 49. Bg2 Kb5 50. Bh1 Ka4 51. Bg2 Ka3 52. Kd2 Bb5 53. Kc3
Ka2 54. Bf3 Kb1 55. Kb3 Kc1 56. Kc3 Ba4 57. Bg4 Bc2 58. Bf3 Bd1 59. Bg2 Be2 60.
Kb4 Kd2 61. Kc5 Ke3 62. Kd6 Kf2 0-1

[Event "Mistrovstvi CR senioru nad 60 let"]
[Site "Rychnov nad Kneznou"]
[Date "2015.08.20"]
[Round "6.6"]
[White "Just, Pavel"]
[Black "Vlachopulos, Georgis"]
[Result "1/2-1/2"]
[WhiteElo "1999"]
[BlackElo "1878"]
[PlyCount "175"]
[EventDate "2015.08.15"]

1. e4 e5 2. Nf3 Nc6 3. Bb5 a6 4. Bxc6 dxc6 5. O-O Bg4 6. h3 Bxf3 7. Qxf3 Qd6 8.
Qb3 O-O-O 9. Qxf7 Nf6 10. d3 Rd7 11. Qc4 Nh5 12. Nc3 g5 13. d4 exd4 14. e5 Qxe5
15. Qe2 Bd6 16. Qxe5 Bxe5 17. Ne4 h6 18. Nc5 Rf7 19. Nd3 Bd6 20. Bd2 c5 21. c4
Rhf8 22. Rfe1 b6 23. Rad1 Rf6 24. Re2 Kd7 25. b3 Re8 26. Rxe8 Kxe8 27. Re1+ Kd7
28. Rd1 Re6 29. Kf1 Rf6 30. Kg1 Re6 31. Kf1 Ng7 32. g3 Rf6 33. Kg2 Nf5 34. Re1
Re6 35. Rd1 Ne7 36. Kf1 Nc6 37. Kg2 b5 38. Kf3 bxc4 39. bxc4 Ne5+ 40. Nxe5+
Rxe5 41. Kg4 Re2 42. Kf3 Re6 43. a4 Rf6+ 44. Kg2 Be5 45. Be1 Rb6 46. Kf3 Rb2
47. Ke4 Ke6 48. Bd2 Rb3 49. f4 gxf4 50. gxf4 Bd6 51. f5+ Kf6 52. Bxh6 Rxh3 53.
Bd2 c6 54. Rb1 Rh4+ 55. Kd3 Kxf5 56. Rf1+ Ke6 57. Bg5 Rg4 58. Re1+ Kd7 59. Bd2
Rg3+ 60. Kc2 Bc7 61. Rh1 Rg7 62. Rh3 Be5 63. Kd3 Ke6 64. Rh6+ Bf6 65. Rh3 Rb7
66. Kc2 Ke5 67. Rh1 Rg7 68. Re1+ Kd6 69. Rf1 Be5 70. Rf3 Ke6 71. Kd3 Rh7 72.
Kc2 Rh1 73. Bc1 Rh2+ 74. Bd2 Bg7 75. Kd3 Rh1 76. Rg3 Be5 77. Rg6+ Kf5 78. Rg5+
Kf6 79. Rg2 Rf1 80. Ke4 Bd6 81. Bg5+ Ke6 82. Bd2 Rf6 83. Rg4 Bf8 84. Rf4 Be7
85. Rxf6+ Bxf6 86. Bf4 Bd8 87. Bd2 Bc7 88. Be1 1/2-1/2

[Event "Mistrovstvi CR senioru nad 60 let"]
[Site "Rychnov nad Kneznou"]
[Date "2015.08.20"]
[Round "6.7"]
[White "Briza, Jiri"]
[Black "Trojan, Lubos"]
[Result "0-1"]
[WhiteElo "1947"]
[BlackElo "1998"]
[PlyCount "70"]
[EventDate "2015.08.15"]

1. b3 d5 2. Bb2 Bf5 3. e3 Nd7 4. Nf3 Ngf6 5. Be2 e6 6. Nd4 Bg6 7. f4 c5 8. Nf3
Rc8 9. O-O Qc7 10. Ne5 Bd6 11. Nxd7 Qxd7 12. a4 a6 13. d3 Qc7 14. Nd2 O-O 15.
Nf3 Nd7 16. Nh4 f6 17. Bh5 Bxh5 18. Qxh5 e5 19. Rf3 Rf7 20. f5 Nf8 21. Rh3 c4
22. dxc4 dxc4 23. Ng6 cxb3 24. Nxf8 Kxf8 25. cxb3 h6 26. Qd1 Rd7 27. Rc1 Qd8
28. Rxc8 Qxc8 29. Rf3 Bb4 30. Qc1 Rc7 31. Qa1 Rc2 32. Ba3 a5 33. Bxb4+ axb4 34.
Rf1 Qc3 35. Re1 Qd2 0-1

[Event "Mistrovstvi CR senioru nad 60 let"]
[Site "Rychnov nad Kneznou"]
[Date "2015.08.20"]
[Round "6.8"]
[White "Sedlacek, Jan"]
[Black "Kotva, Milan"]
[Result "1-0"]
[WhiteElo "1909"]
[BlackElo "2006"]
[PlyCount "65"]
[EventDate "2015.08.15"]

1. d4 Nf6 2. Nf3 g6 3. Bf4 d6 4. e3 Bg7 5. c3 O-O 6. Be2 Nbd7 7. Nbd2 c5 8. h3
a6 9. O-O b5 10. a4 bxa4 11. Qxa4 Nb6 12. Qa5 Nfd7 13. Nc4 Bb7 14. Nfd2 d5 15.
Nxb6 Qxb6 16. Qxb6 Nxb6 17. Nb3 Nd7 18. Na5 Bc8 19. Bf3 Nf6 20. dxc5 Ne4 21.
Bxe4 dxe4 22. Bc7 Be6 23. Rfd1 Rfc8 24. Bb6 Be5 25. Rd2 Bc7 26. Bxc7 Rxc7 27.
b4 Kf8 28. Rd4 f5 29. Nc4 Raa7 30. h4 Bxc4 31. Rxc4 e5 32. c6 Ke7 33. b5 1-0

[Event "Mistrovstvi CR senioru nad 60 let"]
[Site "Rychnov nad Kneznou"]
[Date "2015.08.20"]
[Round "6.9"]
[White "Zboril, Jaroslav"]
[Black "Portych, Vaclav"]
[Result "1/2-1/2"]
[WhiteElo "1998"]
[BlackElo "1890"]
[PlyCount "50"]
[EventDate "2015.08.15"]

1. d4 Nf6 2. Nf3 b6 3. g3 Bb7 4. Bg2 e6 5. O-O d5 6. c4 c5 7. cxd5 Bxd5 8. Nc3
Nbd7 9. Bf4 Be7 10. Nxd5 Nxd5 11. Ne5 O-O 12. Nc6 Qe8 13. Nxe7+ Qxe7 14. Bxd5
exd5 15. dxc5 Nxc5 16. Be3 Rad8 17. Bd4 Ne6 18. e3 Nxd4 19. Qxd4 Rd6 20. Rac1
Rfd8 21. Rc3 Qe4 22. Rd1 Qxd4 23. Rxd4 Kf8 24. Rc7 R8d7 25. Rxd7 Rxd7 1/2-1/2

[Event "Mistrovstvi CR senioru nad 60 let"]
[Site "Rychnov nad Kneznou"]
[Date "2015.08.20"]
[Round "6.10"]
[White "Oburka, Vladislav"]
[Black "Ondrejat, Miroslav"]
[Result "1/2-1/2"]
[WhiteElo "1874"]
[BlackElo "1992"]
[PlyCount "73"]
[EventDate "2015.08.15"]

1. e4 c5 2. Nf3 Nc6 3. d4 cxd4 4. Nxd4 g6 5. Be3 Bg7 6. Nc3 Nf6 7. Be2 O-O 8.
O-O d5 9. exd5 Nb4 10. Bf3 Nbxd5 11. Nxd5 Nxd5 12. Bxd5 Qxd5 13. c3 e5 14. Qb3
Qa5 15. Qb5 Qc7 16. Nb3 b6 17. Rad1 Be6 18. Rfe1 Rfd8 19. Qe2 Rxd1 20. Rxd1 Rd8
21. Rxd8+ Qxd8 22. Nc1 f5 23. f3 Kf7 24. c4 Qc7 25. b3 Bf8 26. Nd3 Bd6 27. h3
Bc8 28. Qd2 Bb7 29. Kf1 f4 30. Bf2 e4 31. fxe4 Bxe4 32. Bd4 g5 33. Nf2 Bb7 34.
Qe2 Qe7 35. Qd3 Ke8 36. Ng4 Kd7 37. Be5 1/2-1/2

[Event "Mistrovstvi CR senioru nad 60 let"]
[Site "Rychnov nad Kneznou"]
[Date "2015.08.20"]
[Round "6.11"]
[White "Sobotnik, Petr"]
[Black "Perik, Alois"]
[Result "0-1"]
[WhiteElo "1984"]
[BlackElo "1862"]
[PlyCount "116"]
[EventDate "2015.08.15"]

1. c4 c6 2. d4 d5 3. e3 Nf6 4. Nf3 e6 5. Nc3 a6 6. a4 Be7 7. Be2 Nbd7 8. O-O
O-O 9. b3 Re8 10. Qc2 b6 11. Ne5 Bb7 12. f4 dxc4 13. bxc4 c5 14. Bf3 Qc7 15.
Qb3 Rac8 16. Nxd7 Nxd7 17. d5 Bf6 18. e4 Bd4+ 19. Kh1 exd5 20. exd5 a5 21. Rb1
Ba6 22. Ne4 Nf6 23. Ng3 h6 24. Bd2 Kf8 25. Qc2 Rcd8 26. Rfd1 Bc8 27. Qb3 Ng4
28. Bxg4 Bxg4 29. Re1 Rxe1+ 30. Rxe1 Re8 31. Rxe8+ Kxe8 32. h3 Bd7 33. Ne4 f5
34. Ng3 Qd6 35. Ne2 Qf6 36. Qc2 Kd8 37. Bc3 Bxc3 38. Nxc3 Qd4 39. Ne2 Qa1+ 40.
Kh2 Qxa4 41. Qc3 Qd1 42. Qe5 Qd3 43. d6 Qe4 44. Qb2 Qxc4 45. Qxb6+ Ke8 46. Qb2
Qd3 47. Qe5+ Kd8 48. Ng3 Qd4 49. Qe7+ Kc8 50. Nh5 Qe4 51. Qxg7 a4 52. Qh8+ Kb7
53. Qb2+ Qb4 54. Qf6 Kc6 55. Qf8 a3 56. h4 Qa4 57. Ng3 a2 58. Nxf5 Qxf4+ 0-1

[Event "Mistrovstvi CR senioru nad 60 let"]
[Site "Rychnov nad Kneznou"]
[Date "2015.08.20"]
[Round "6.12"]
[White "Dolezal, Radoslav"]
[Black "Splitek, Lubos"]
[Result "1-0"]
[WhiteElo "1964"]
[BlackElo "1777"]
[PlyCount "61"]
[EventDate "2015.08.15"]

1. e4 c5 2. c3 Nf6 3. e5 Nd5 4. d4 cxd4 5. cxd4 d6 6. exd6 Qxd6 7. Nf3 Bg4 8.
Be2 e6 9. Nc3 Nxc3 10. bxc3 Be7 11. h3 Bh5 12. Qb3 Qb6 13. Qxb6 axb6 14. Bb5+
Nc6 15. Ne5 Rc8 16. Nc4 O-O 17. Nxb6 Rcd8 18. Bf4 Bd6 19. Bxd6 Rxd6 20. Nc4 Rd5
21. a4 Na7 22. Ne3 Rdd8 23. Bd3 e5 24. d5 f5 25. Bxf5 Bf7 26. c4 Nc8 27. Bxc8
Rxc8 28. Kd2 Rfd8 29. Rhb1 Rxc4 30. Nxc4 Rxd5+ 31. Ke3 1-0

[Event "Mistrovstvi CR senioru nad 60 let"]
[Site "Rychnov nad Kneznou"]
[Date "2015.08.20"]
[Round "6.13"]
[White "Tsapanidis, Vasilis"]
[Black "Sibl, Vaclav"]
[Result "0-1"]
[WhiteElo "1816"]
[BlackElo "1936"]
[PlyCount "50"]
[EventDate "2015.08.15"]

1. Nf3 d6 2. d4 Bg4 3. e3 Nf6 4. Bd3 Nbd7 5. h3 Bh5 6. Nbd2 e5 7. c3 Be7 8. O-O
c6 9. Ne4 Nxe4 10. Bxe4 d5 11. Bf5 e4 12. g4 Bg6 13. Bxd7+ Qxd7 14. Ne5 Qe6 15.
f4 exf3 16. Qxf3 O-O 17. Nxg6 fxg6 18. Qe2 Rxf1+ 19. Qxf1 Rf8 20. Qe2 Qe4 21.
Bd2 Rf3 22. Rf1 Rg3+ 23. Kh2 Bd6 24. Rf8+ Kxf8 25. Qf1+ Rf3+ 0-1

[Event "Mistrovstvi CR senioru nad 60 let"]
[Site "Rychnov nad Kneznou"]
[Date "2015.08.20"]
[Round "6.15"]
[White "Majerik, Vladimir"]
[Black "Rucka, Alois"]
[Result "1/2-1/2"]
[WhiteElo "1837"]
[BlackElo "1923"]
[PlyCount "77"]
[EventDate "2015.08.15"]

1. d4 Nf6 2. Nf3 b6 3. Bg5 Bb7 4. Nbd2 e6 5. e3 Be7 6. Bd3 h6 7. Bh4 O-O 8. O-O
d5 9. c3 Nbd7 10. Rc1 Re8 11. Bb1 c5 12. Qc2 Ne4 13. Bxe7 Qxe7 14. Nxe4 dxe4
15. Nd2 f5 16. f3 Nf6 17. f4 Ng4 18. Rfe1 Qh4 19. Nf1 cxd4 20. cxd4 Rac8 21.
Qe2 Qe7 22. h3 Nf6 23. a3 Bd5 24. Qd2 Qb7 25. Rxc8 Rxc8 26. Rc1 a5 27. Rc3 Qa6
28. Qc1 Rxc3 29. Qxc3 Qc4 30. Qxc4 Bxc4 31. Nd2 Bd5 32. Bc2 Kf7 33. Kf2 Ke7 34.
Ba4 Kd6 35. Ke2 g5 36. g3 Nh5 37. Kf2 Nf6 38. Ke2 Nh7 39. Kf2 1/2-1/2

[Event "Mistrovstvi CR senioru nad 60 let"]
[Site "Rychnov nad Kneznou"]
[Date "2015.08.20"]
[Round "6.16"]
[White "Franc, Lubor"]
[Black "Klimes, Jiri"]
[Result "1/2-1/2"]
[WhiteElo "1841"]
[BlackElo "1882"]
[PlyCount "58"]
[EventDate "2015.08.15"]

1. e4 e5 2. Nf3 Nc6 3. Bb5 a6 4. Ba4 Nf6 5. d4 exd4 6. e5 Nd5 7. c3 Be7 8. cxd4
O-O 9. O-O d6 10. Nc3 Nxc3 11. bxc3 dxe5 12. Bxc6 bxc6 13. Nxe5 Bb7 14. Qf3 Qd5
15. Qg4 c5 16. Bh6 Qxg2+ 17. Qxg2 Bxg2 18. Kxg2 gxh6 19. dxc5 Rfe8 20. Nd7 c6
21. Rab1 Red8 22. Rb7 Bf8 23. Kf3 Bg7 24. Rg1 Kh8 25. c4 Bd4 26. Rg4 Bc3 27.
Rh4 Kg7 28. Rg4+ Kh8 29. Rh4 Kg7 1/2-1/2

[Event "Mistrovstvi CR senioru nad 60 let"]
[Site "Rychnov nad Kneznou"]
[Date "2015.08.20"]
[Round "6.17"]
[White "Palla, Rostislav"]
[Black "Demeter, Istvan"]
[Result "0-1"]
[WhiteElo "1790"]
[BlackElo "2025"]
[PlyCount "68"]
[EventDate "2015.08.15"]

1. e4 c5 2. Nf3 Nc6 3. d4 cxd4 4. Nxd4 g6 5. Nc3 Bg7 6. Be3 Nf6 7. Bc4 Qa5 8.
Nb3 Qc7 9. O-O O-O 10. f4 d6 11. Be2 Bd7 12. g4 Qc8 13. f5 Ne5 14. g5 Ne8 15.
Nd5 Qd8 16. h4 e6 17. fxe6 Bxe6 18. Nf4 Qd7 19. Nxe6 Qxe6 20. Nd4 Qh3 21. Bf2
h6 22. a4 hxg5 23. Ra3 Qd7 24. hxg5 Nc7 25. c4 Qe7 26. Be3 Ne6 27. Nxe6 Qxe6
28. Rf2 Nxc4 29. Bxc4 Qxc4 30. Qxd6 Qxe4 31. Rb3 Rad8 32. Qc7 Rd1+ 33. Rf1 Qg4+
34. Kf2 Rxf1+ 0-1

[Event "Mistrovstvi CR senioru nad 60 let"]
[Site "Rychnov nad Kneznou"]
[Date "2015.08.20"]
[Round "6.18"]
[White "Pribyl, Jaroslav"]
[Black "Wiedermann, Jan"]
[Result "1/2-1/2"]
[WhiteElo "2022"]
[BlackElo "1729"]
[PlyCount "30"]
[EventDate "2015.08.15"]

1. e4 d5 2. exd5 Qxd5 3. Nc3 Qa5 4. d4 c6 5. Nf3 Bg4 6. Bc4 e6 7. h3 Qh5 8. Be2
Nf6 9. Bf4 Nbd7 10. Qd2 Bb4 11. Ng1 Bxe2 12. Qxe2 Qf5 13. Bd2 Qxc2 14. Nf3 Bxc3
15. bxc3 Qe4 1/2-1/2

[Event "Mistrovstvi CR senioru nad 60 let"]
[Site "Rychnov nad Kneznou"]
[Date "2015.08.20"]
[Round "6.19"]
[White "Hlavac, Frantisek"]
[Black "Bainhofner, Jiri"]
[Result "1-0"]
[WhiteElo "2010"]
[BlackElo "1761"]
[PlyCount "41"]
[EventDate "2015.08.15"]

1. e4 e5 2. Bc4 Bc5 3. d3 Nc6 4. Nc3 d6 5. f4 Bxg1 6. Rxg1 Qh4+ 7. Kf1 Bg4 8.
Qe1 Qxh2 9. Nd5 O-O-O 10. f5 Nd4 11. Qa5 Be2+ 12. Kf2 Qh4+ 13. g3 Qh2+ 14. Rg2
Qxg2+ 15. Kxg2 Rd7 16. Qxa7 Nc6 17. Qa8+ Nb8 18. Be3 Ne7 19. Bb5 Nxd5 20. Ba7
Ne3+ 21. Kf2 1-0

[Event "Mistrovstvi CR senioru nad 60 let"]
[Site "Rychnov nad Kneznou"]
[Date "2015.08.20"]
[Round "6.20"]
[White "Miciak, Emanuel"]
[Black "Pospisil, Petr"]
[Result "1-0"]
[WhiteElo "1889"]
[BlackElo "1717"]
[PlyCount "71"]
[EventDate "2015.08.15"]

1. d4 d5 2. c4 c6 3. Nf3 Nf6 4. Nc3 e6 5. c5 Nbd7 6. Bf4 Be7 7. Qc2 Nf8 8. Ne5
Ng6 9. e3 Nd7 10. Nxg6 fxg6 11. Bd3 O-O 12. b4 Qe8 13. O-O Nf6 14. h3 Bd8 15.
Rab1 Qf7 16. Ne2 Ne8 17. Be5 Bg5 18. f4 Bh4 19. Rf3 Bd7 20. Rbf1 Rc8 21. g3 Be7
22. Kg2 Nf6 23. g4 Be8 24. Ng3 Nd7 25. g5 Kh8 26. h4 Qg8 27. Kh1 Nxe5 28. dxe5
Bd8 29. h5 gxh5 30. Nxh5 g6 31. Nf6 Bxf6 32. exf6 Rc7 33. Qc3 Bf7 34. Rh3 Rd8
35. Qe5 Rcc8 36. Rh6 1-0

[Event "Mistrovstvi CR senioru nad 60 let"]
[Site "Rychnov nad Kneznou"]
[Date "2015.08.20"]
[Round "6.21"]
[White "Lexa, Vaclav"]
[Black "Nedelcev, Radim"]
[Result "1-0"]
[WhiteElo "1880"]
[BlackElo "1590"]
[PlyCount "85"]
[EventDate "2015.08.15"]

1. d4 d5 2. Bf4 e6 3. Nf3 Bd6 4. Bg3 Nf6 5. e3 h6 6. Bd3 Nc6 7. c3 Bd7 8. Nbd2
a6 9. Bh4 Be7 10. Ne5 Nxe5 11. dxe5 Nh7 12. Bxe7 Qxe7 13. h4 c5 14. Qg4 g6 15.
f4 Bc6 16. O-O-O O-O-O 17. Kb1 Kb8 18. Qe2 h5 19. e4 Rd7 20. exd5 exd5 21. f5
Nf8 22. e6 fxe6 23. Qe5+ Rc7 24. Qxh8 exf5 25. Rde1 Qd6 26. Qe5 Qd7 27. Re2 Ka7
28. Rhe1 Qc8 29. Qf6 c4 30. Bc2 Bb5 31. Nf3 Nh7 32. Qxg6 Bd7 33. Qxh7 f4 34.
Re7 Kb6 35. Nd4 Bg4 36. Rxc7 Qxc7 37. Qxc7+ Kxc7 38. Ne6+ Kd6 39. Nxf4 b5 40.
a3 a5 41. Ng6 Kc5 42. Ne7 Kd6 43. Bg6 1-0

[Event "Mistrovstvi CR senioru nad 60 let"]
[Site "Rychnov nad Kneznou"]
[Date "2015.08.20"]
[Round "6.22"]
[White "Innemann, Frantisek"]
[Black "Dvorak, Eduard"]
[Result "1-0"]
[WhiteElo "1877"]
[BlackElo "1697"]
[PlyCount "141"]
[EventDate "2015.08.15"]

1. e4 e5 2. f4 Bc5 3. Nf3 d6 4. Bc4 Nf6 5. d3 Be6 6. Bb3 Bxb3 7. axb3 Nc6 8.
Nc3 O-O 9. Na4 exf4 10. Nxc5 dxc5 11. Bxf4 Nd4 12. Bg5 Ne6 13. Bh4 Nf4 14. O-O
Ng6 15. Bg5 h6 16. Bd2 Nd7 17. Bc3 Qe7 18. Qd2 b6 19. Rf2 a5 20. Raf1 Rad8 21.
g3 Qe6 22. Kg2 Qc6 23. Qc1 Rde8 24. Ng1 Qe6 25. Ne2 Qc6 26. Nf4 Qd6 27. Nh5
Nde5 28. Rf5 f6 29. Bd2 Ng4 30. h3 Nh4+ 31. gxh4 Qh2+ 32. Kf3 Qxh3+ 33. Ng3
Nh2+ 34. Kf2 Nxf1 35. Qxf1 Qxh4 36. Kg2 g6 37. Rf4 Qg5 38. Rf2 Qe5 39. Bc3 Qe6
40. Rxf6 Rxf6 41. Qxf6 Qxf6 42. Bxf6 Kf7 43. e5 Ke6 44. Kf3 Ra8 45. Ne4 a4 46.
bxa4 Rxa4 47. Bd8 Ra7 48. Bf6 Kf5 49. Bg7 Ra2 50. Bxh6 Rxb2 51. c4 Rb3 52. Ke3
Kxe5 53. Bf4+ Ke6 54. Bxc7 Rb1 55. Nc3 Kd7 56. Nxb1 Kxc7 57. Nc3 Kd6 58. Na4
Kc6 59. Nc3 Kd6 60. Ke4 Kc6 61. Ke5 g5 62. Kf5 Kd6 63. Kxg5 Ke5 64. Ne2 Ke6 65.
Kf4 Kd6 66. Nc3 Kd7 67. Ke5 Kc6 68. Nb5 Kb7 69. Kd6 Ka6 70. Kc6 Ka5 71. Kb7 1-0

[Event "Mistrovstvi CR senioru nad 60 let"]
[Site "Rychnov nad Kneznou"]
[Date "2015.08.20"]
[Round "6.23"]
[White "Lacha, Jan"]
[Black "Urbanec, Vladimir"]
[Result "1-0"]
[WhiteElo "1840"]
[BlackElo "1501"]
[PlyCount "76"]
[EventDate "2015.08.15"]

1. e4 d6 2. d4 g6 3. Nc3 Bg7 4. Nf3 e6 5. Bc4 a6 6. Be3 b6 7. Qd2 Ne7 8. Bh6
O-O 9. h4 d5 10. Bd3 c5 11. h5 c4 12. hxg6 Nxg6 13. Bxg7 Kxg7 14. e5 Rh8 15.
Qh6+ Kg8 16. Bxg6 fxg6 17. Nh4 Qe8 18. O-O-O Qf7 19. Rh3 Ra7 20. Rdh1 Qg7 21.
Qg5 Nc6 22. Nxg6 Bd7 23. Qh6 Be8 24. Nxh8 Kxh8 25. Qxe6 Qg5+ 26. Kd1 Qg6 27.
Rh6 Qg8 28. Ne2 b5 29. Qf6+ Rg7 30. c3 a5 31. Nf4 Ne7 32. Ne6 Bg6 33. g4 Qf7
34. Qxg7+ Qxg7 35. Nxg7 Kxg7 36. R6h3 Be4 37. f3 Bd3 38. f4 Be4 1-0

[Event "Mistrovstvi CR senioru nad 60 let"]
[Site "Rychnov nad Kneznou"]
[Date "2015.08.20"]
[Round "6.25"]
[White "Kasik, Miroslav"]
[Black "Pokorny, Jan"]
[Result "1/2-1/2"]
[WhiteElo "1753"]
[BlackElo "1803"]
[PlyCount "27"]
[EventDate "2015.08.15"]

1. e4 c5 2. Nc3 d6 3. g3 g6 4. Bg2 Bg7 5. d3 e6 6. f4 Ne7 7. Nf3 a6 8. O-O Nbc6
9. Be3 Nd4 10. Bf2 O-O 11. Rb1 Nec6 12. Ne2 Qa5 13. a3 Rb8 14. c3 1/2-1/2

[Event "Mistrovstvi CR senioru nad 70 let a nad "]
[Site "Rychnov nad Kneznou"]
[Date "2015.08.20"]
[Round "6.2"]
[White "Most, Zdenek"]
[Black "Pojedziniec, Wladyslaw"]
[Result "1/2-1/2"]
[WhiteElo "2033"]
[BlackElo "2048"]
[PlyCount "23"]
[EventDate "2015.08.15"]

1. d4 d5 2. Nf3 Nf6 3. g3 c6 4. Bg2 Bf5 5. O-O e6 6. c4 Nbd7 7. cxd5 exd5 8.
Nc3 h6 9. a3 Bd6 10. Nd2 O-O 11. b4 Re8 12. b5 1/2-1/2

[Event "Mistrovstvi CR senioru nad 70 let a nad "]
[Site "Rychnov nad Kneznou"]
[Date "2015.08.20"]
[Round "6.3"]
[White "Macura, Emil"]
[Black "Pavlicek, Petr"]
[Result "1/2-1/2"]
[WhiteElo "2016"]
[BlackElo "1931"]
[PlyCount "165"]
[EventDate "2015.08.15"]

1. d4 d5 2. Nf3 Nf6 3. Bf4 e6 4. Nbd2 c5 5. e3 cxd4 6. exd4 Be7 7. Bd3 O-O 8.
c3 b6 9. Qe2 a5 10. Ne5 Ba6 11. Bxa6 Nxa6 12. Nc6 Qd7 13. Nxe7+ Qxe7 14. Bg5
Nc7 15. Nf3 Rfc8 16. O-O Nce8 17. Ne5 h6 18. Bh4 Qc7 19. f3 Nd7 20. Nd3 Nf8 21.
Qe3 Ng6 22. Bg3 Qd7 23. Bf2 Nd6 24. Qe2 Rc6 25. h4 f6 26. h5 Nf8 27. g4 Re8 28.
Bg3 Nf7 29. Kg2 Ng5 30. Rfe1 Rcc8 31. Nf2 Nfh7 32. Qa6 Rc6 33. Re3 Nf7 34. Rae1
Nd6 35. b3 Ng5 36. Bf4 Nh7 37. Nd1 Nf7 38. Qe2 Nfg5 39. Nb2 Nf7 40. Qd3 Nf8 41.
c4 dxc4 42. bxc4 Rd8 43. Rd1 Qc8 44. Qb3 Rd7 45. d5 exd5 46. Rxd5 Ne6 47. Bg3
Nd4 48. Qd3 Rxd5 49. cxd5 Rc2+ 50. Bf2 Nxf3 51. Rxf3 Ne5 52. Qd4 Nxf3 53. Kxf3
Qc3+ 54. Qxc3 Rxc3+ 55. Be3 b5 56. Ke4 Kf7 57. Nd3 b4 58. Kd4 Ra3 59. Nc1 Rc3
60. Nb3 a4 61. Nc5 Rc2 62. Nxa4 Rxa2 63. Nc5 Rg2 64. Kd3 Rxg4 65. Nb3 Rh4 66.
Bd2 Rxh5 67. Kc4 Rh4+ 68. Kc5 Rh3 69. Kxb4 h5 70. Nc5 Ke7 71. Kb5 Kd6 72. Ne6
Rd3 73. Bb4+ Kxd5 74. Nf4+ Ke4 75. Nxd3 Kxd3 76. Kc6 Ke4 77. Kd6 g5 78. Ke6 f5
79. Kf6 g4 80. Kg5 Kf3 81. Kxh5 g3 82. Kh4 g2 83. Bc5 1/2-1/2

[Event "Mistrovstvi CR senioru nad 70 let a nad "]
[Site "Rychnov nad Kneznou"]
[Date "2015.08.20"]
[Round "6.4"]
[White "Chmelik, Jiri"]
[Black "Skokan, Zdenek"]
[Result "1/2-1/2"]
[WhiteElo "1981"]
[BlackElo "1995"]
[PlyCount "37"]
[EventDate "2015.08.15"]

1. d4 Nf6 2. c4 c5 3. d5 d6 4. Nc3 g6 5. Bg5 Bg7 6. Nf3 Nbd7 7. e3 a6 8. a4 Qc7
9. Be2 O-O 10. O-O Re8 11. h3 e5 12. dxe6 fxe6 13. Bf4 e5 14. Bh2 Nf8 15. Nd2
Be6 16. e4 Bh6 17. f4 Bxf4 18. Bxf4 exf4 19. Rxf4 1/2-1/2

[Event "Mistrovstvi CR senioru nad 70 let a nad 80 let"]
[Site "Rychnov nad Kneznou"]
[Date "2015.08.20"]
[Round "6.5"]
[White "Volf, Jaroslav"]
[Black "Zeman, Ladislav"]
[Result "1/2-1/2"]
[WhiteElo "2045"]
[BlackElo "1849"]
[PlyCount "115"]
[EventDate "2015.08.15"]

1. e4 e5 2. Nf3 Nc6 3. d4 exd4 4. Bc4 d6 5. Nxd4 Be7 6. O-O Nf6 7. Nc3 O-O 8.
Nxc6 bxc6 9. Re1 Ng4 10. Be2 Nf6 11. f4 Bb7 12. Bf3 Nd7 13. Be3 f6 14. Qd3 Qe8
15. Ne2 Qf7 16. Nd4 Rfd8 17. Qc3 c5 18. Nf5 Bf8 19. b4 g6 20. bxc5 dxc5 21. Ng3
f5 22. Rab1 Bg7 23. Qa5 Qc4 24. Qxc7 Bxe4 25. Bxe4 fxe4 26. Red1 Qxc2 27. Rbc1
Qa4 28. Bxc5 Rac8 29. Qxa7 Nxc5 30. Qxa4 Nxa4 31. Nxe4 Rxd1+ 32. Rxd1 Nc3 33.
Nxc3 Rxc3 34. Rd2 Bf8 35. g3 Ra3 36. Kg2 Kf7 37. Rc2 Be7 38. Rb2 Ke6 39. Re2+
Kf6 40. Rb2 Ra5 41. Re2 h5 42. Kh3 Kf7 43. Rb2 Ra6 44. Re2 Bf6 45. Rc2 Ke6 46.
Re2+ Kd5 47. Kg2 Kd4 48. Kf3 Kd3 49. Kf2 Bc3 50. Kf3 Bd2 51. h4 Kc2 52. Rg2 Ra4
53. Re2 Ra6 54. Rg2 Kd1 55. Rg1+ Be1 56. g4 Rxa2 57. gxh5 gxh5 58. Rg5 1/2-1/2